000 00946nam a2200217Ia 4500
001 14547
005 20260407174515.0
008 260306t2012||||xx |||||||||||||| ||spa||
041 _aESP
082 _a515.15
_bS79 2012 P. 2
100 _aStewart, James
_eAUT
245 0 _aCálculo de varias variables:
_btrascendentes tempranas
260 _c2012
300 _a1170 páginas :
_c27 cm.
650 _aGEN
654 _aCMA
856 _uhttps://itmsp.museknowledge.com/UCSP?url=https://www.ebooks7-24.com:443/?il=9165&pg=1
_zVéase además: Cálculo de varias variables: trascendentes tempranas, por Robert Smith. Versión digital
856 _uhttps://0u213vii7-y-https-ebooks7--24-com.itmsp.museknowledge.com/biblioteca.aspx
_zVéase además: Base de datos Ebook7-24
856 _uhttps://0u20fviib-y-https-research-ebsco-com.itmsp.museknowledge.com/c/qxo6us/search
_zVéase además: Base de datos EBSCOhost
942 _cLIB
_dJUS
_fJUS
_2ddc
999 _c14547
_d14547